000 00300nam a22001337a 4500
008 171004b xxu||||| |||| 00| 0 eng d
020 _a9780395369135
041 _aeng
080 _25 ED
_a159.9
100 _a48
101 _aPSI
245 _aLEARNING DISABILITIES
_cLERNER.J
942 _2udc
_cBK
999 _c31674
_d31674